Studia etymologica Cracoviensia

Detalles Bibliográficos
Formato: Electrónico Revista
Lenguaje:inglés
francés
alemán
Publicado: Kraków : Księgarnia Akademicka, c1996-
Materias:
Acceso en línea:Full text available from Research Library: 01/01/2011 to 01/31/2015

MARC

LEADER 00000nas a2200000 a 4500
001 ssj0000571620
003 WaSeSS
005 20200512172242.0
006 m d
007 cr n
008 970725c19969999pl ar p s 0 0eng c
010 |a sn 97017760  
016 7 |a 010503260  |2 Uk 
022 |l 1427-8219  |y 1427-8219 
035 |a (WaSeSS)ssj0000571620 
040 |a CLU  |b eng  |c CLU  |d OCLCQ  |d HLS  |d DLC  |d HLS  |d OCLCQ  |d OCLCF  |d OCLCO  |d UKMGB  |d WaSeSS 
041 0 |a eng  |a fre  |a ger 
042 |a pcc 
050 0 0 |a P721  |b .S83 
245 0 0 |a Studia etymologica Cracoviensia  |h [electronic resource]. 
260 |a Kraków :  |b Księgarnia Akademicka,  |c c1996- 
310 |a Annual 
362 0 |a 1 (1996)- 
500 |a Imprint varies; vols. for <2003-> published: Kraków : Jagiellonian University Press. 
506 |a License restrictions may limit access. 
546 |a Chiefly in English, with some articles in French and German. 
588 |a Latest issue consulted: 8, published in 2003. 
650 0 |a Indo-European languages  |x Etymology  |v Periodicals. 
650 7 |a Indo-European languages  |x Etymology.  |2 fast  |0 (OCoLC)fst00970419 
655 0 |a Electronic journals. 
850 |a CLU  |a DLC 
856 4 0 |z Full text available from Research Library: 01/01/2011 to 01/31/2015  |u https://search.proquest.com/publication/1356366